000 00394nam a2200145Ia 4500
001 22830
003 GE_BSU
008 181216s||||||||xx |||||||||||||| ||und||
040 _cGE_BSU
245 _aParis Match, 28 juin au 4 juillet №3607. 2018
653 _aParis Match, 28 juin au 4 juillet №3607. 2018
653 _aПериодика
653 _aპერიოდიკა
942 _cCR
999 _c55735
_d55735